Jak vznikala "snadná půjčka" ČS
Pôžička - hotovostný úver na pobočke. Myšlienka centralizácie procesu, zrýchlenie a zefektívnenie komunikácie s klientom a tým i zvýšenie konkurencieschopnosti v oblasti spotrebiteľských úverov vznikla v Českej sporiteľni od roku 2000. Vtedy požiadala sporiteľňa spoločnosť UNICORN, aby vytvorila sys...
Guardado en:
| Autor principal: | |
|---|---|
| Formato: | Capítulo de libro |
| Lenguaje: | checo |
| Materias: | |
| Etiquetas: |
Sin Etiquetas, Sea el primero en etiquetar este registro!
|
MARC
| LEADER | 00000naa$a2200000$$$4500 | ||
|---|---|---|---|
| 001 | 0059090 | ||
| 005 | 20231010094649.0 | ||
| 041 | 0 | |a cze | |
| 044 | |a CZ | ||
| 245 | 1 | 0 | |a Jak vznikala "snadná půjčka" ČS |c Martin Kavan |
| 520 | |a Pôžička - hotovostný úver na pobočke. Myšlienka centralizácie procesu, zrýchlenie a zefektívnenie komunikácie s klientom a tým i zvýšenie konkurencieschopnosti v oblasti spotrebiteľských úverov vznikla v Českej sporiteľni od roku 2000. Vtedy požiadala sporiteľňa spoločnosť UNICORN, aby vytvorila systém pre svojich obchodných partnerov podporujúcich predaj týchto spotrebiteľských úverov. | ||
| 610 | 2 | 0 | |a pôžičky |
| 610 | 2 | 0 | |a sporiteľne |
| 610 | 2 | 0 | |a úver spotrebiteľský |
| 610 | 2 | 0 | |a pobočky bankové |
| 610 | 2 | 0 | |a technológie informačné |
| 100 | 1 | |a Kavan, Martin | |